Este sí, este no / (Registro nro. 4058)
[ vista simple ]
| 000 -LEADER | |
|---|---|
| fixed length control field | 01146nam a2200277Ia 4500 |
| 003 - CONTROL NUMBER IDENTIFIER | |
| control field | OSt |
| 005 - DATE AND TIME OF LATEST TRANSACTION | |
| control field | 20200330123901.0 |
| 008 - FIXED-LENGTH DATA ELEMENTS--GENERAL INFORMATION | |
| fixed length control field | 191128s2009 sp a r 000 1 spa d |
| 020 ## - INTERNATIONAL STANDARD BOOK NUMBER | |
| International Standard Book Number | 8424609255 |
| 040 ## - CATALOGING SOURCE | |
| Original cataloging agency | CO-JMCR |
| Transcribing agency | CO-JMCR |
| 082 #0 - DEWEY DECIMAL CLASSIFICATION NUMBER | |
| Classification number | A / |
| Item number | MARe |
| 100 ## - MAIN ENTRY--PERSONAL NAME | |
| Personal name | Martorell, Eduard, |
| Relator term | guión |
| 9 (RLIN) | 2038 |
| 245 00 - TITLE STATEMENT | |
| Title | Este sí, este no / |
| Statement of responsibility, etc. | Eduard Martorell ; ilustraciones Monse Fransoy |
| 250 ## - EDITION STATEMENT | |
| Edition statement | Primera edición |
| 260 ## - PUBLICATION, DISTRIBUTION, ETC. | |
| Place of publication, distribution, etc. | Barcelona : |
| Name of publisher, distributor, etc. | La galera, |
| Date of publication, distribution, etc. | 2000 |
| 300 ## - PHYSICAL DESCRIPTION | |
| Extent | [32] páginas sin numerar : |
| Other physical details | ilustraciones a color ; |
| Dimensions | 21 cm. |
| 440 ## - SERIES STATEMENT/ADDED ENTRY--TITLE | |
| Title | Sin palabras |
| 9 (RLIN) | 2039 |
| 500 ## - GENERAL NOTE | |
| General note | Recomendado a partir de los 3 años. |
| 520 ## - SUMMARY, ETC. | |
| Summary, etc. | Brinda a los más pequeños la oportunidad de leer antes de saber leer. Las secuencias de imágenes, ricas en detalles, les permiten seguir con facilidad el hilo arrativo de la historia. Una ayuda para descurir el placer de la lectura en solitario. |
| 546 ## - LANGUAGE NOTE | |
| Language note | spa |
| 650 ## - SUBJECT ADDED ENTRY--TOPICAL TERM | |
| Topical term or geographic name entry element | Albumes Bosques en la literatura |
| 9 (RLIN) | 2040 |
| 650 ## - SUBJECT ADDED ENTRY--TOPICAL TERM | |
| Topical term or geographic name entry element | Libros ilustrados para niños |
| 9 (RLIN) | 180 |
| 650 ## - SUBJECT ADDED ENTRY--TOPICAL TERM | |
| Topical term or geographic name entry element | Conservación de los recursos naturales |
| 9 (RLIN) | 305 |
| 700 ## - ADDED ENTRY--PERSONAL NAME | |
| Personal name | Monse, Fransoy, |
| Relator term | ilustrador |
| 9 (RLIN) | 2041 |
| 942 ## - ADDED ENTRY ELEMENTS (KOHA) | |
| Source of classification or shelving scheme | Dewey Decimal Classification |
| Koha item type | Books |
| Withdrawn status | Lost status | Source of classification or shelving scheme | Damaged status | Not for loan | Collection code | Home library | Current library | Date acquired | Total Checkouts | Full call number | Barcode | Date last seen | Date last checked out | Copy number | Cost, replacement price | Price effective from | Koha item type |
|---|---|---|---|---|---|---|---|---|---|---|---|---|---|---|---|---|---|
| Dewey Decimal Classification | Fiction | Biblioteca Pública José María del Castillo y Rada | Biblioteca Pública José María del Castillo y Rada | 11/28/2019 | 7 | A / MARe | 201808855 | 11/26/2025 | 11/26/2025 | Ej.1 | 0.00 | 11/28/2019 | Books |